| 000 | 00766nam a2200217 i 4500 | ||
|---|---|---|---|
| 001 | 75897 | ||
| 003 | ES-MaACL | ||
| 005 | 20250928123534.0 | ||
| 007 | t| | ||
| 008 | 040928s1940 gw ||||1| ger d | ||
| 100 | 1 |
_aGrimm, Jacob ( _d1785-1863) _960060 |
|
| 245 | 1 | 0 |
_aKinder- und Hausmärchen / _cges. durch die Brüder Grimm ; hrsg. von Friedrich von der Leyen. |
| 260 |
_aJena : _bDiederichs, _c[1940] ( _eLeipzig : _fDruck der Spamer) |
||
| 300 |
_aXXVII, 361 p. ; _c20 cm. |
||
| 490 | 1 | _aDie Märchen der Weltliteratur | |
| 700 | 1 |
_aGrimm, Wilhelm ( _d1786-1859) _9168467 |
|
| 700 | 1 |
_aLeyen, Friedrich, von der, _d1873-1966 _9168468 |
|
| 830 | 0 |
_aDie Märchen der Weltliteratur _9231270 |
|
| 852 |
_aES-MaACL _jP-913 _bR.19176 |
||
| 999 |
_c75897 _d75897 |
||